[Event "NED-chT 1415"]
[Site "Netherlands"]
[Date "2015.02.07"]
[Round "5.1"]
[White "Van Wely, Loek"]
[Black "Van Kampen, Robin"]
[Result "1-0"]
[WhiteElo "2650"]
[BlackElo "2637"]
[PlyCount "113"]
[EventDate "2014.09.27"]
[EventType "team-tourn"]
[EventRounds "9"]
[EventCountry "NED"]
[SourceTitle "EXT 2016"]
[Source "ChessBase"]
[SourceDate "2015.10.08"]
[SourceVersion "1"]
[SourceVersionDate "2015.10.08"]
[SourceQuality "1"]
[WhiteTeam "Charlois Europoort"]
[BlackTeam "BSG"]
[WhiteTeamCountry "NED"]
[BlackTeamCountry "NED"]

1. d4 Nf6 2. Bg5 c5 3. Bxf6 exf6 4. e3 d5 5. Nc3 Nc6 6. Nge2 Be6 7. g3 cxd4 8.
exd4 Bb4 9. Bg2 Bxc3+ 10. Nxc3 Qb6 11. Qd2 O-O 12. O-O-O Rfd8 13. Rhe1 Rac8 14.
Re3 Na5 15. b3 Qb4 16. Bf1 Bf5 17. Bd3 Bxd3 18. Rxd3 Rc6 19. Ne2 Qa3+ 20. Kb1
Rdc8 21. Rc3 g5 22. g4 Kf8 23. h3 R8c7 24. Rxc6 Rxc6 25. Qc1 Qe7 26. Ng3 Qb4
27. Qd2 Qa3 28. Qc1 Qb4 29. Qb2 Re6 30. a3 Qb5 31. Qc3 Nc4 32. a4 Qb6 33. Ka2
Nd6 34. Qc5 Qxc5 35. dxc5 Ne4 36. Nxe4 dxe4 37. b4 Ke7 38. Kb3 e3 39. fxe3
Rxe3+ 40. Kc4 f5 41. gxf5 Rxh3 42. b5 Rh4+ 43. Kd5 Rf4 44. Re1+ Kd8 45. Ke5 Rc4
46. Kf6 Rxc5 47. Rh1 Rxc2 48. Kxf7 g4 49. f6 g3 50. Kg7 Rf2 51. f7 g2 52. Rd1+
Ke7 53. Re1+ Kd6 54. f8=Q+ Rxf8 55. Kxf8 Kc5 56. Ke7 h5 57. Rg1 1-0

[Event "Wch Rapid"]
[Site "Berlin"]
[Date "2015.10.12"]
[Round "12"]
[White "Van Wely, Loek"]
[Black "Handke, Florian"]
[Result "1-0"]
[WhiteElo "2632"]
[BlackElo "2531"]
[PlyCount "137"]
[EventDate "2015.10.10"]
[EventType "swiss (rapid)"]
[EventRounds "15"]
[EventCountry "GER"]
[SourceTitle "CBM 168 Extra"]
[Source "ChessBase"]
[SourceDate "2015.10.29"]
[SourceVersion "1"]
[SourceVersionDate "2015.10.29"]
[SourceQuality "1"]

1. d4 Nf6 2. Bg5 e6 3. e4 h6 4. Bxf6 Qxf6 5. c3 d6 6. Bc4 a6 7. Ne2 b5 8. Bb3
Bb7 9. Nd2 Nd7 10. O-O Qd8 11. f4 Be7 12. Ng3 d5 13. Qf3 dxe4 14. Ndxe4 O-O 15.
f5 Bd5 16. Nh5 Bxb3 17. axb3 exf5 18. Qxf5 f6 19. Qe6+ Rf7 20. Rxa6 Nf8 21.
Rxa8 Qxa8 22. Qf5 b4 23. Nf4 Qa2 24. Nd5 Qxb3 25. Nxc7 Qxb2 26. Nd5 bxc3 27.
Nxe7+ Rxe7 28. Nxf6+ gxf6 29. Qxf6 Qe2 30. Qxf8+ Kh7 31. Qf5+ Kg7 32. Qf8+ Kh7
33. Rf7+ Rxf7 34. Qxf7+ Kh8 35. Qf6+ Kh7 36. Qf5+ Kg7 37. Qd7+ Kf6 38. Qc6+ Ke7
39. Qxc3 Qd1+ 40. Kf2 Kd7 41. Qh3+ Kd8 42. Qh4+ Kd7 43. Qf4 h5 44. Kg3 Qe1+ 45.
Kh3 Qe6+ 46. Kh4 Qe2 47. g4 Kc6 48. Kxh5 Qe8+ 49. Kh4 Qe1+ 50. Kg5 Qe8 51. Qe5
Qg8+ 52. Kf4 Qf7+ 53. Kg3 Qf1 54. h4 Qg1+ 55. Kf4 Qc1+ 56. Kf5 Qf1+ 57. Kg6
Qd3+ 58. Qf5 Qg3 59. h5 Kb7 60. d5 Qd6+ 61. Qe6 Qb4 62. h6 Qb1+ 63. Kg7 Qb2+
64. Kg8 Qa2 65. h7 Qa8+ 66. Kg7 Qa1+ 67. Qf6 Qd1 68. g5 Qxd5 69. Qf7+ 1-0

[Event "Katerini op"]
[Site "Katerini"]
[Date "1992.??.??"]
[Round "?"]
[White "Van der Wiel, John"]
[Black "Georgiev, Krum"]
[Result "1-0"]
[WhiteElo "2545"]
[BlackElo "2510"]
[PlyCount "57"]
[EventDate "1992.08.??"]
[EventType "swiss"]
[EventRounds "9"]
[EventCountry "GRE"]
[SourceTitle "CBM 032 Extra"]
[Source "ChessBase"]
[SourceDate "1993.03.01"]
[SourceVersion "1"]
[SourceVersionDate "1993.03.01"]
[SourceQuality "1"]

1. d4 Nf6 2. Bg5 c6 3. c3 Qb6 4. Qc2 d5 5. Nd2 Nbd7 6. e3 e5 7. dxe5 Ng4 8. e6
fxe6 9. Bd3 Ngf6 10. Bxh7 Rxh7 11. Qg6+ Kd8 12. Qxh7 Qxb2 13. Rd1 Kc7 14. Qb1
Qxc3 15. Ne2 Qa3 16. Nd4 Qe7 17. O-O e5 18. Nf5 Qf7 19. f4 e4 20. Nd4 Bd6 21.
Rc1 a6 22. a4 Ng4 23. Rc3 Bc5 24. f5 Bd6 25. Rxc6+ bxc6 26. Ne6+ Qxe6 27. fxe6
Bxh2+ 28. Kh1 Nde5 29. Rf8 1-0

[Event "World Blitz 2018"]
[Site "St Petersburg RUS"]
[Date "2018.12.30"]
[Round "17.23"]
[White "Vitiugov, N."]
[Black "Yilmaz, M."]
[Result "1-0"]
[WhiteElo "2719"]
[BlackElo "2636"]
[PlyCount "97"]
[EventDate "2018.12.29"]
[EventType "swiss (blitz)"]
[EventRounds "21"]
[EventCountry "RUS"]
[SourceTitle "The Week in Chess 1260"]
[Source "Mark Crowther"]
[SourceDate "2018.12.31"]
[SourceVersion "2"]
[SourceVersionDate "2019.08.03"]
[SourceQuality "2"]

1. d4 Nf6 2. Bg5 d5 3. e3 c5 4. Bxf6 gxf6 5. dxc5 Nc6 6. Bb5 e6 7. c4 a6 8. Ba4
Qa5+ 9. Nd2 Qxc5 10. cxd5 Qxd5 11. Ngf3 Bg7 12. O-O O-O 13. a3 f5 14. Rb1 b5
15. Bc2 Bb7 16. e4 fxe4 17. Bxe4 Qh5 18. Nb3 Rfd8 19. Qe2 Rac8 20. Rbc1 Bf8 21.
Rc3 b4 22. axb4 Bxb4 23. Re3 a5 24. Nc1 Rc7 25. Nd3 Nd4 26. Nxd4 Qxe2 27. Nxe2
Bxe4 28. Nxb4 Bg6 29. Na2 Rd2 30. Nf4 Rxb2 31. Nxg6 hxg6 32. Nc3 Rb3 33. Ne4
Rxe3 34. fxe3 Rc4 35. Nd6 Rc7 36. Ra1 Rc6 37. Nb7 Rc3 38. Kf2 Rc2+ 39. Kf3 g5
40. Rxa5 f5 41. h3 Kg7 42. Ra6 g4+ 43. hxg4 fxg4+ 44. Kxg4 Rxg2+ 45. Kf4 Kf6
46. Nc5 Rf2+ 47. Ke4 Rf5 48. Rxe6+ Kg5 49. Re5 1-0

[Event "33rd Leon Blitz Open 2020"]
[Site "chess.com INT"]
[Date "2020.07.14"]
[Round "5"]
[White "Vitiugov, N."]
[Black "Timofeev, Arty"]
[Result "1-0"]
[WhiteElo "2722"]
[BlackElo "2580"]
[PlyCount "77"]
[EventDate "2020.07.14"]
[EventType "swiss (blitz)"]
[EventRounds "10"]
[SourceTitle "The Week in Chess 1341"]
[Source "Mark Crowther"]
[SourceDate "2020.07.20"]
[SourceVersion "1"]
[SourceVersionDate "2020.07.20"]
[SourceQuality "2"]

1. d4 Nf6 2. Bg5 e6 3. Nd2 h6 4. Bh4 c5 5. e4 g5 6. Bg3 cxd4 7. e5 Nd5 8. h4 g4
9. Qxg4 Nc6 10. Ngf3 Qb6 11. Bc4 Qxb2 12. O-O Nc3 13. Bd3 b6 14. a3 Na5 15.
Nxd4 Bb7 16. h5 O-O-O 17. Bh4 Be7 18. g3 Rhg8 19. Qf4 Bxh4 20. Qxh4 Nc6 21.
Nxc6 Bxc6 22. Nc4 Ne2+ 23. Bxe2 Qc3 24. Rfe1 Kb8 25. Bd3 Rg5 26. Rab1 Rdg8 27.
Kf1 Bd5 28. Rb3 Bg2+ 29. Kxg2 Qxe1 30. Ne3 Rxe5 31. Qf4 f6 32. Ng4 Rxg4 33.
Qxg4 Kc7 34. Ba6 Rc5 35. Qf4+ e5 36. Qxh6 Rxc2 37. Qe3 Qxe3 38. Rxe3 Kd6 39. h6
1-0

[Event "RUS-CHN Junior GM Blitz"]
[Site "Belokurikha RUS"]
[Date "2018.07.16"]
[Round "4"]
[White "Vitiugov, N."]
[Black "Hou Yifan"]
[Result "1-0"]
[WhiteElo "2734"]
[BlackElo "2658"]
[PlyCount "54"]
[EventDate "2018.07.16"]
[EventType "match (blitz)"]
[EventRounds "10"]
[EventCountry "RUS"]
[SourceTitle "The Week in Chess 1236"]
[Source "Mark Crowther"]
[SourceDate "2018.07.16"]
[SourceVersion "1"]
[SourceVersionDate "2018.07.16"]
[SourceQuality "2"]

1. d4 Nf6 2. Bg5 e6 3. Nd2 h6 4. Bh4 c5 5. e4 cxd4 6. e5 g5 7. Bg3 Nd5 8. h4
Nc6 9. hxg5 Qxg5 10. Ngf3 Qd8 11. Bc4 d6 12. Bxd5 exd5 13. Qe2 Be6 14. O-O-O
Qa5 15. Kb1 d3 16. cxd3 O-O-O 17. exd6 Bxd6 18. Bxd6 Rxd6 19. Nb3 Qb6 20. Rc1
d4 21. Nc5 Bd5 22. Qd2 Kb8 23. Qf4 Rhd8 24. a3 Ka8 25. Rxh6 Rxh6 26. Qxh6 Qb5
27. Qf6 Rc8 1-0

[Event "Titled Tuesday 30th June"]
[Site "chess.com INT"]
[Date "2020.06.30"]
[Round "3"]
[White "Vitiugov, N."]
[Black "Bjerre, Jonas Buhl"]
[Result "1-0"]
[WhiteElo "2722"]
[BlackElo "2549"]
[PlyCount "109"]
[EventDate "2020.06.30"]
[EventType "swiss (blitz)"]
[EventRounds "10"]
[SourceTitle "The Week in Chess 1339"]
[Source "Mark Crowther"]
[SourceDate "2020.07.06"]
[SourceVersion "1"]
[SourceVersionDate "2020.07.06"]
[SourceQuality "2"]

1. d4 Nf6 2. Bg5 Ne4 3. Bf4 d5 4. e3 Nc6 5. Bb5 g5 6. Be5 Nf6 7. Bxf6 exf6 8.
Ne2 Bd6 9. c4 a6 10. Ba4 dxc4 11. Bxc6+ bxc6 12. Nd2 Be6 13. Qc2 c5 14. Nxc4
cxd4 15. Nxd4 Bb4+ 16. Ke2 O-O 17. Nxe6 fxe6 18. h4 g4 19. Rad1 Qe7 20. a3 Bd6
21. Rd4 f5 22. Rhd1 Rad8 23. g3 Qd7 24. Kf1 Qc6 25. Kg1 Be7 26. Qb3 Bf6 27. Ne5
Qb6 28. Qxb6 cxb6 29. Rd7 Rxd7 30. Nxd7 Rf7 31. Nxf6+ Rxf6 32. Rd6 Kf7 33. Rxb6
e5 34. Rxf6+ Kxf6 35. Kf1 Ke6 36. Ke2 Kd5 37. Kd3 Kc5 38. b3 h5 39. e4 f4 40.
Kc3 f3 41. b4+ Kb5 42. Kb3 a5 43. a4+ Kb6 44. Kc4 axb4 45. Kxb4 Ka6 46. Kc5 Ka5
47. Kd5 Kxa4 48. Kxe5 Kb4 49. Kd4 Kb5 50. e5 Kc6 51. Ke4 Kd7 52. Kf5 Ke7 53.
Kg5 Ke6 54. Kxh5 Kf5 55. e6 1-0

[Event "RUS-CHN Junior GM Blitz"]
[Site "Belokurikha RUS"]
[Date "2018.07.16"]
[Round "10"]
[White "Vitiugov, N."]
[Black "Hou Yifan"]
[Result "1-0"]
[WhiteElo "2734"]
[BlackElo "2658"]
[PlyCount "81"]
[EventDate "2018.07.16"]
[EventType "match (blitz)"]
[EventRounds "10"]
[EventCountry "RUS"]
[SourceTitle "The Week in Chess 1236"]
[Source "Mark Crowther"]
[SourceDate "2018.07.16"]
[SourceVersion "1"]
[SourceVersionDate "2018.07.16"]
[SourceQuality "2"]

1. d4 Nf6 2. Bg5 c5 3. Bxf6 gxf6 4. d5 Qb6 5. Qc1 f5 6. c4 Bg7 7. Nc3 d6 8. e3
Nd7 9. Qc2 Ne5 10. Nh3 Ng6 11. Bd3 O-O 12. O-O Bd7 13. Rab1 e6 14. Ne2 Qd8 15.
Ng3 Qh4 16. f4 Rae8 17. Kh1 exd5 18. Bxf5 Bc6 19. cxd5 Bxd5 20. Rbd1 Bc6 21.
Be4 Rxe4 22. Nxe4 f5 23. Neg5 h6 24. Rxd6 hxg5 25. Rxg6 g4 26. Ng5 Kh8 27. Rxc6
bxc6 28. Qxc5 Qh6 29. b3 Qf6 30. Qc2 Re8 31. Qf2 Kg8 32. Qe2 Kh8 33. g3 Qf8 34.
Qd3 Qf6 35. Rf2 c5 36. Kg2 Qc6+ 37. Kg1 Qf6 38. Re2 Qa1+ 39. Kg2 Qf6 40. Qd5
Rd8 41. Qxd8+ 1-0

[Event "World Blitz 2018"]
[Site "St Petersburg RUS"]
[Date "2018.12.30"]
[Round "15.19"]
[White "Vitiugov, N."]
[Black "Ghaem Maghami, E."]
[Result "1-0"]
[WhiteElo "2719"]
[BlackElo "2537"]
[PlyCount "124"]
[EventDate "2018.12.29"]
[EventType "swiss (blitz)"]
[EventRounds "21"]
[EventCountry "RUS"]
[SourceTitle "The Week in Chess 1260"]
[Source "Mark Crowther"]
[SourceDate "2018.12.31"]
[SourceVersion "2"]
[SourceVersionDate "2019.08.03"]
[SourceQuality "2"]

1. d4 Nf6 2. Bg5 d5 3. e3 Nbd7 4. Bd3 g6 5. c3 e5 6. Nd2 Bg7 7. Ne2 O-O 8. O-O
h6 9. Bh4 Re8 10. b4 c6 11. Nb3 Nb6 12. dxe5 Rxe5 13. Ned4 Re8 14. a4 Nbd7 15.
c4 Ne5 16. cxd5 Nxd3 17. Qxd3 Qxd5 18. Rac1 Ng4 19. Bg3 h5 20. Rfd1 a6 21. Nc5
Qd8 22. Nf3 Qxd3 23. Rxd3 a5 24. b5 cxb5 25. axb5 a4 26. Nd4 Bf8 27. b6 Ra5 28.
Ne4 Bf5 29. Nxf5 Rxf5 30. Nd6 Rd8 31. Rcd1 Rc5 32. h3 Nf6 33. Nxb7 Rxd3 34.
Rxd3 Rc1+ 35. Kh2 a3 36. Be5 Ne4 37. Rd8 f6 38. Bd4 Kf7 39. Ra8 Nxf2 40. Nd8+
Ke7 41. b7 Rb1 42. b8=Q Rxb8 43. Nc6+ Kd7 44. Nxb8+ Ke6 45. Nc6 Bd6+ 46. Kg1
Ne4 47. Na5 Kd5 48. Nb3 Kc4 49. Nc1 Bb4 50. Rc8+ Kd5 51. Kf1 f5 52. Ke2 g5 53.
Kd3 Nf2+ 54. Ke2 Ne4 55. Na2 Bd6 56. Nc3+ Nxc3+ 57. Bxc3 g4 58. hxg4 hxg4 59.
Kd3 Ke6 60. Ra8 Kd5 61. Bd2 Kc6 62. Bc1 Kd5 1-0

[Event "Wch Rapid"]
[Site "Dubai"]
[Date "2014.06.18"]
[Round "11"]
[White "Vitiugov, Nikita"]
[Black "Sargissian, Gabriel"]
[Result "1-0"]
[WhiteElo "2742"]
[BlackElo "2686"]
[PlyCount "77"]
[EventDate "2014.06.16"]
[EventType "swiss (rapid)"]
[EventRounds "15"]
[EventCountry "UAE"]
[SourceTitle "CBM 160 Extra"]
[Source "ChessBase"]
[SourceDate "2014.07.01"]
[SourceVersion "1"]
[SourceVersionDate "2014.07.01"]
[SourceQuality "1"]

1. d4 Nf6 2. Bg5 e6 3. Nd2 h6 4. Bh4 b6 5. e4 Be7 6. e5 Nh7 7. Bg3 Bb7 8. Ngf3
Ng5 9. Nxg5 hxg5 10. c3 d6 11. Qc2 Nd7 12. O-O-O d5 13. Kb1 c5 14. dxc5 Nxc5
15. Bb5+ Kf8 16. Rhf1 g6 17. f4 g4 18. Be2 Rc8 19. Nb3 Ne4 20. Bxg4 b5 21. Qd3
Qb6 22. Qd4 b4 23. cxb4 Ba6 24. Rg1 Bxb4 25. Bf3 Kg7 26. Bxe4 dxe4 27. Qxe4 Rc4
28. Qf3 Bb7 29. Qe2 Rhc8 30. Bh4 Qa6 31. Bf6+ Kg8 32. Qe3 Bf8 33. Nd2 Ra4 34.
a3 Rxa3 35. bxa3 Bd5 36. Qh3 Qb6+ 37. Nb3 Qxb3+ 38. Qxb3 Bxb3 39. Rd8 1-0

[Event "Wch Blitz 8th"]
[Site "Dubai"]
[Date "2014.06.20"]
[Round "21"]
[White "Vitiugov, Nikita"]
[Black "Cheparinov, Ivan"]
[Result "1-0"]
[WhiteElo "2742"]
[BlackElo "2682"]
[PlyCount "107"]
[EventDate "2014.06.19"]
[EventType "swiss (blitz)"]
[EventRounds "21"]
[EventCountry "UAE"]
[SourceTitle "CBM 160 Extra"]
[Source "ChessBase"]
[SourceDate "2014.07.01"]
[SourceVersion "1"]
[SourceVersionDate "2014.07.01"]
[SourceQuality "1"]

1. d4 Nf6 2. Bg5 Ne4 3. Bf4 c5 4. f3 Nf6 5. dxc5 Qa5+ 6. Nc3 Qxc5 7. e4 d6 8.
Qd2 Nbd7 9. Be3 Qc6 10. Nge2 e5 11. Nc1 Be7 12. Be2 O-O 13. a4 Nb6 14. N1a2 d5
15. Bb5 Qd6 16. a5 d4 17. axb6 dxe3 18. Qxd6 Bxd6 19. Nc1 a6 20. Bc4 Be6 21.
Bxe6 fxe6 22. Nb3 Bb4 23. Ke2 Rfc8 24. Kxe3 Bxc3 25. bxc3 Rxc3+ 26. Kd2 Rc6 27.
Na5 Rd8+ 28. Kc1 Rxb6 29. Re1 Rc8 30. Re3 Kf7 31. Rb1 Rxb1+ 32. Kxb1 b6 33. Nb3
Ke7 34. Nd2 Nd7 35. Ra3 a5 36. Kb2 Rc6 37. Rb3 Nc5 38. Ra3 Nb7 39. Rb3 Nd6 40.
Kb1 Kd7 41. Rd3 Kc7 42. g3 b5 43. f4 exf4 44. gxf4 Nc4 45. Nb3 Rd6 46. Rh3 a4
47. Nc5 Rd1+ 48. Ka2 Rc1 49. Nxe6+ Kd6 50. Nd4 Kc5 51. c3 b4 52. Rh5+ Kd6 53.
cxb4 Rd1 54. Rd5+ 1-0

[Event "Wch Rapid"]
[Site "Dubai"]
[Date "2014.06.17"]
[Round "9"]
[White "Vitiugov, Nikita"]
[Black "Sandipan, Chanda"]
[Result "1-0"]
[WhiteElo "2742"]
[BlackElo "2594"]
[PlyCount "107"]
[EventDate "2014.06.16"]
[EventType "swiss (rapid)"]
[EventRounds "15"]
[EventCountry "UAE"]
[SourceTitle "CBM 160 Extra"]
[Source "ChessBase"]
[SourceDate "2014.07.01"]
[SourceVersion "1"]
[SourceVersionDate "2014.07.01"]
[SourceQuality "1"]

1. d4 Nf6 2. Bg5 d5 3. e3 e6 4. c4 Be7 5. Nf3 h6 6. Bh4 O-O 7. Bd3 b6 8. O-O
Bb7 9. Nc3 c5 10. dxc5 dxc4 11. Bxc4 Bxc5 12. Qe2 Nbd7 13. Rfd1 Qe7 14. e4 g5
15. Nxg5 hxg5 16. Bxg5 Ne5 17. Rd3 Nxd3 18. Qxd3 Bxf2+ 19. Kh1 Rad8 20. Qf3 Bd4
21. Qg3 Kh7 22. Qh4+ Kg8 23. Bh6 Nd5 24. Qg4+ Kh7 25. Bxf8 Qxf8 26. exd5 Bxc3
27. Qh4+ Kg7 28. Qg5+ Kh7 29. Qh4+ Kg7 30. Qg3+ Kh7 31. bxc3 Bxd5 32. Bd3+ f5
33. c4 Ba8 34. Re1 Qf6 35. Qh3+ Kg7 36. Qg3+ Kh7 37. Qh3+ Kg7 38. Qg3+ Kh8 39.
Bf1 Rg8 40. Qh3+ Kg7 41. Qa3 Kh8 42. Qh3+ Kg7 43. Qg3+ Kh8 44. Qf4 Rg4 45. Qb8+
Rg8 46. Qf4 Rg4 47. Qf2 Kg7 48. Rd1 Qe5 49. Kg1 Kf6 50. Qd2 Qc5+ 51. Kh1 Rg8
52. Qh6+ Rg6 53. Qh8+ Kg5 54. Qxa8 1-0